000
00310nam a2200121Ia 4500
008
220217s9999||||xx |||||||||||||| ||und||
082
_a
620.1 RAV
100
_a
Ravi
245
0
_a
Elements of mechanical engineering
260
_a
Best publishers
_b
Bangalore
_c
2005
300
_b
87
650
_a
MECHANICHAL
999
_c
173995
_d
173995